000 00715nam a2200229Ia 4500
003 OSt
005 20220923225454.0
006 a|||||r|||| 00| 0
007 ta
008 220922b |||||||| |||| 00| 0 san d
024 _a268,692
037 _cTextual
040 _aARTS
_cARTS
_bsan
041 _2san
_asan
082 _aQ22jM71, 152L1
245 0 _aभगवदाचार्य शताब्दी स्मृति ग्रन्थ
246 _aBhagavadāchārya shatābdī smṛuti grantha
260 _aअहमदाबाद
_b श्रीचन्दनबहिन
_c1971
650 _aधर्म
942 _hQ22jM71, 152L1
_cTEXL
_2CC
999 _c378453
_d378453